Bharat's project reports & appraisals / (Record no. 133464)

MARC details
000 -LEADER
fixed length control field 00741nam a22002417a 4500
005 - DATE AND TIME OF LATEST TRANSACTION
control field 20170124110210.0
010 ## - LIBRARY OF CONGRESS CONTROL NUMBER
LC control number A-998104
020 ## - INTERNATIONAL STANDARD BOOK NUMBER
Terms of availability 450.00
International Standard Book Number 817737009X
035 ## - SYSTEM CONTROL NUMBER
System control number A-998104
037 ## - SOURCE OF ACQUISITION
Source of stock number/acquisition Cen Lib/Ret
040 ## - CATALOGING SOURCE
Original cataloging agency DPL
Language of cataloging EN
082 ## - DEWEY DECIMAL CLASSIFICATION NUMBER
Classification number 346.0437
Item number PAH
100 ## - MAIN ENTRY--PERSONAL NAME
Personal name Pahwa, H.P.S.
9 (RLIN) 38013
245 ## - TITLE STATEMENT
Title Bharat's project reports & appraisals /
Statement of responsibility, etc by H.P.S.Pahwa
250 ## - EDITION STATEMENT
Edition statement 4th ed
260 ## - PUBLICATION, DISTRIBUTION, ETC. (IMPRINT)
Place of publication, distribution, etc New Delhi
Name of publisher, distributor, etc Bharat Law House
Date of publication, distribution, etc 2000
270 ## - ADDRESS
Address T-1/95, Mangolpuri Industrial Area, Pahse-I
City New Delhi
300 ## - PHYSICAL DESCRIPTION
Extent 589p.
Dimensions 23cm(Hb)
500 ## - GENERAL NOTE
General note Includes index
650 ## - SUBJECT ADDED ENTRY--TOPICAL TERM
Topical term or geographic name as entry element Corporation reports -- Law and legislation
9 (RLIN) 38014
650 ## - SUBJECT ADDED ENTRY--TOPICAL TERM
Topical term or geographic name as entry element Corporation reports
9 (RLIN) 38015
942 ## - ADDED ENTRY ELEMENTS (KOHA)
Source of classification or shelving scheme Dewey Decimal Classification
Koha item type English Books
Classification part 346.0437
Call number suffix PAH
Holdings
Withdrawn status Lost status Damaged status Not for loan Home library Current library Date acquired Source of acquisition Cost, normal purchase price Total Checkouts Total Renewals Full call number Barcode Date last seen Date checked out Copy number Cost, replacement price Price effective from Koha item type Source of classification or shelving scheme
        Central Library Central Library 27/07/2015 Cen Lib/Ret 450.00 1 2 346.0437 PAH A-998104 12/01/2022 29/11/2021 1 450.00 27/07/2015 English Books  
        Central Library Central Library 10/10/2016   450.00     346.0437 PAH A-998105 10/10/2016   2 450.00 10/10/2016 English Books Dewey Decimal Classification

© Delhi Public Library
Hit Counter
free hit counter